000 00492cam a2200205ua 4500
001 11364
005 20260515114738.0
008 190914n xxk |||gr||||Z||||||eng
020 _a9780571160785
040 _cMAIN
082 _a823
100 _aHarold Pinter,
_eAuthor.
245 _aThe birthday party
_cBy Harold Pinter
250 _a2nd ed.
260 _aLondon:
_bFaber and Faber,
_c1965.
300 _a87p.
653 _aEnglish fiction
653 _aEnglish Novel
942 _cBK
999 _c10196
_d10196